| 000 | 00553nam a2200205 4500 | ||
|---|---|---|---|
| 003 | OSt | ||
| 005 | 20240719021238.0 | ||
| 006 | a | ||
| 008 | 240719b |||||||| |||| 00| 0 eng d | ||
| 020 | _a0071226907 | ||
| 040 |
_aDWCL-Main lib. _cOC |
||
| 082 |
_2Fourth edition _aCirc. 658 P182b 2002 |
||
| 100 | _aPalmer, Adrian | ||
| 245 | _aThe business environment / | ||
| 250 | _aFourth edition | ||
| 260 |
_bMcGraw-Hill Companies _cc2002. |
||
| 300 |
_axviii, _b532 p. ; |
||
| 504 | _aIncludes index. | ||
| 942 |
_2ddc _n0 _cBK-CIRC _eFourth edition _kCirc. |
||
| 999 |
_c2407 _d2407 |
||